000
00361nam a2200133Ia 4500
008
151001s9999||||xx |||||||||||||| ||und||
100
_a
M. J. Akbar
245
_a
INDIA: the sieg within
250
_a
1
260
_b
ubs publishing
260
_c
1996
300
_a
322
365
_b
21
999
_c
974908
_d
974905